000 00839nam a22002537a 4500
001 BR8403491
003 BR-BrBNA
005 20230928091947.0
007 ta
008 230509b bl.||||| |||| 00| 0 por d
040 _aBR-BrBNA
_bpor
_cBiblioteca Nacional de Agricultura
041 _a(Por)
072 _aM00
_b/G514
_b/GZ36
090 _ M00 BR8403491
110 1 _aCompanhia de Desenvolvimento do Vale do Sao Francisco, Brasilia, DF (Brasil)
_92357
245 1 _aDocumento basico de acao do programa de piscicultura e pesca da Companhia de Desenvolvimento do Vale do Sao Francisco CODEVASF [Brasil]
260 3 _aBrasilia, DF (Brasil):
_c1984.
300 _a24 p.
650 _aPLANEJAMENTO PESQUEIRO
650 _aPROJETO PESQUEIRO
650 _aVALE DO SAO FRANCISCO
909 _a202309
_bLucia
_c55
_dLucia Elande
942 _cBK
999 _c36423
_d36423